| 000 | 00989nam a22003137a 4500 | ||
|---|---|---|---|
| 001 | 0147 | ||
| 003 | DO-SdBPM | ||
| 005 | 20251208110059.0 | ||
| 007 | ta | ||
| 008 | 160718b2003 sp |||| |||| 00| 0 spa d | ||
| 020 | _a 8420727474 | ||
| 040 |
_aDO-SdBPM _bspa _cBPMSU _erda |
||
| 082 | 4 |
_a862.31 _bL864c 2003 _222 |
|
| 100 |
_aVega Carpio, Félix Lope de, _d1562-1635. _4aut. _eautor |
||
| 245 | 1 | 3 |
_aEl caballero de Olmedo / _cFélix Lope de Vega |
| 260 | _c | ||
| 264 |
_a[Madrid]: _bGrupo Anaya, _c2003 |
||
| 300 |
_a183 páginas ; _b22 cm. |
||
| 336 |
_atexto _btxt _2rdacontent |
||
| 337 |
_asin mediación _bn _2rdamedia |
||
| 338 |
_aVolumen _bnc _2rdacarrier |
||
| 500 | _3Incluye referencias bibliográficas y notas al pie de las páginas | ||
| 590 | _aInventariado, 2025/VM | ||
| 650 | 7 | _aTeatro español | |
| 650 | 7 |
_aEl Caballero de Olmedo _xCrítica e interpretación. |
|
| 700 | _a | ||
| 910 | _aVMateo V. Control de calidaqd. BPMSU | ||
| 942 |
_2ddc _cBK |
||
| 999 |
_c10926 _d10926 |
||